000 00452nmm a2200169Ia 4500
008 251105s9999||||xx |||||||||||||||||und||
020 _a9788496582439
041 _aspa
100 _aYvars, Pilar
245 0 _aHistoria interrumpida
264 _a[Madrid, España] :
_bOcho y Medio,
_c2008
300 _a329 páginas
490 _aFurtivos
650 _aSpanish literature
856 _uhttps://public.digitaliapublishing.com/a/354
942 _cCF
999 _c90012
_d90012